| 000 | 00930cam a2200217 4500 | ||
|---|---|---|---|
| 001 | ABS61751 | ||
| 008 | 000000n2000 000 0 eng u | ||
| 035 | _a(Sirsi) u103912 | ||
| 100 | _aStandish, A. | ||
| 245 | _aWorking to the letter of intent | ||
| 260 | _c2000 | ||
| 490 |
_aBuilding Trade and Industry _v16(1) January 2000, 7(1) |
||
| 520 | _aWarns that careful wording is essential when carrying out a contract under the Housing Grants Construction and Regeneration Act 1996. Many construction lawyers draft letters of intent so that they constitute a contract and a poorly worded letter can unleash all sorts of problems for the sender. | ||
| 590 | _aABS | ||
| 650 | _aLETTERS OF INTENT | ||
| 650 | _aHOUSING GRANTS CONSTRUCTION AND REGENERATION ACT 1996 | ||
| 650 | _aQUANTUM MERUIT | ||
| 650 | _aBUILT ENVIRONMENT-BUILDING CONTRACT FORMS | ||
| 690 | _aBUILT ENVIRONMENT-BUILDING CONTRACT FORMS | ||
| 942 | _n0 | ||
| 999 |
_c62373 _d62373 |
||